[Event "GER-chT U14"]
[Site "Duesseldorf"]
[Date "2016.12.27"]
[Round "2.4"]
[White "Cinar, Alihan"]
[Black "Mijatovic, Robert"]
[Result "1-0"]
[WhiteElo "1412"]
[BlackElo "861"]
[PlyCount "50"]
[EventDate "2016.12.27"]
[EventType "team-swiss"]
[EventRounds "7"]
[EventCountry "GER"]
[SourceTitle "EXT 2018"]
[Source "ChessBase"]
[SourceDate "2017.10.13"]
[SourceVersion "1"]
[SourceVersionDate "2017.10.13"]
[SourceQuality "1"]
[WhiteTeam "Hamburg Koenigsspringer U14"]
[BlackTeam "Duesseldorf SK U14"]
[WhiteTeamCountry "GER"]
[BlackTeamCountry "GER"]

1. e4 e5 2. Nf3 Nf6 3. Nc3 Bc5 4. d3 Ng4 5. d4 exd4 6. Na4 d6 7. h3 Nf6 8. Bg5 Bb4+ 9. c3 dxc3 10. bxc3 Ba3 11. Qb3 Bc5 12. Nxc5 dxc5 13. Qb5+ Nbd7 14. e5 Qe7 15. Be2 c6 16. exf6 cxb5 17. fxe7 f6 18. Be3 Kxe7 19. Bxb5 a6 20. Bxd7 Bxd7 21. Bxc5+ Kf7 22. 0-0 Rac8 23. Bd4 Rc7 24. Rfe1 Rhc8 25. Rab1 Bf5 1-0

[Event "GER-chT U14"]
[Site "Verden"]
[Date "2015.12.28"]
[Round "4.3"]
[White "Von Koslowski, Wilhelm"]
[Black "Cinar, Alihan"]
[Result "1-0"]
[WhiteElo "1526"]
[BlackElo "1171"]
[PlyCount "73"]
[EventDate "2015.12.27"]
[EventType "team-swiss"]
[EventRounds "7"]
[EventCountry "GER"]
[SourceTitle "EXT 2017"]
[Source "ChessBase"]
[SourceDate "2016.10.25"]
[SourceVersion "1"]
[SourceVersionDate "2016.10.25"]
[SourceQuality "1"]
[WhiteTeam "Coswig"]
[BlackTeam "Koenigsspringer"]
[WhiteTeamCountry "GER"]
[BlackTeamCountry "GER"]

1. e4 c6 2. d4 d5 3. exd5 cxd5 4. Nf3 Bg4 5. h3 Bxf3 6. Qxf3 Nf6 7. Bd3 e6 8. 0-0 Nc6 9. c3 Qc7 10. Bg5 Be7 11. Nd2 0-0-0 12. a4 e5 13. dxe5 Nxe5 14. Bf5+ Kb8 15. Qe2 Rhe8 16. Nf3 h6 17. Qxe5 Bd6 18. Qd4 hxg5 19. Rfe1 Bc5 20. Qd2 Qf4 21. Qxf4+ gxf4 22. Rad1 d4 23. Rxe8 Rxe8 24. Nxd4 Rd8 25. Nc6+ bxc6 26. Rxd8+ Kc7 27. Rd3 g6 28. Bg4 Ne4 29. Rd7+ Kb6 30. a5+ Kb5 31. Rb7+ Kc4 32. Be2+ Kd5 33. Bf3 Bxf2+ 34. Kf1 Be3 35. c4+ Ke5 36. Re7+ Kd4 37. Rxe4+ 1-0

[Event "GER-chT North U12"]
[Site "Magdeburg"]
[Date "2014.09.11"]
[Round "1.3"]
[White "Cinar, Alihan"]
[Black "Zaharov, Jan"]
[Result "1-0"]
[WhiteElo "1053"]
[BlackElo "921"]
[PlyCount "151"]
[EventDate "2014.09.11"]
[EventType "team-swiss"]
[EventRounds "7"]
[EventCountry "GER"]
[SourceTitle "EXT 2016"]
[Source "ChessBase"]
[SourceDate "2015.10.08"]
[SourceVersion "1"]
[SourceVersionDate "2015.10.08"]
[SourceQuality "1"]
[WhiteTeam "Hamburg Koenigsspringer"]
[BlackTeam "Bremen West"]
[WhiteTeamCountry "GER"]
[BlackTeamCountry "GER"]

1. e4 e5 2. Nf3 Nc6 3. Bc4 Nf6 4. d3 Bc5 5. Be3 Bxe3 6. fxe3 0-0 7. 0-0 d6 8. Nc3 Bg4 9. Qd2 a6 10. Rf2 b5 11. Bb3 Ne7 12. Nd5 Nexd5 13. Bxd5 Rb8 14. Bc6 Bxf3 15. Rxf3 Ng4 16. Qe2 Qh4 17. Rh3 Qg5 18. Rg3 h5 19. h3 Rb6 20. hxg4 Rxc6 21. Qf3 Qh4 22. gxh5 Qe7 23. Qg4 Qf6 24. Rf1 Qh6 25. c3 Rb6 26. Qg5 Qxg5 27. Rxg5 Rbb8 28. Rf3 f6 29. Rg6 Rf7 30. h6 Kh7 31. Rg4 gxh6 32. Rh4 b4 33. c4 b3 34. a3 Rg8 35. d4 Rfg7 36. Rh2 Rg3 37. Kf2 R3g6 38. Kg1 exd4 39. exd4 Rg4 40. Rxb3 Rxe4 41. Rb7 Rg7 42. Rh3 Rxd4 43. b3 Rd1+ 44. Kh2 Rd2 45. Rg3 Rxg3 46. Kxg3 Rd3+ 47. Kh2 d5 48. Rxc7+ Kg6 49. cxd5 Rxd5 50. Ra7 Ra5 51. a4 Rh5+ 52. Kg1 Rg5 53. Rxa6 Rg3 54. b4 h5 55. b5 Rb3 56. a5 Rxb5 57. Ra8 h4 58. a6 Rb1+ 59. Kh2 Kg5 60. a7 Ra1 61. Rg8+ Kf5 62. a8Q Rxa8 63. Rxa8 Kg4 64. Rf8 f5 65. Rh8 f4 66. Rh7 Kg5 67. Rh8 Kf5 68. Rxh4 Kg5 69. Rh8 Kf5 70. Kg1 Ke4 71. Kf2 Ke5 72. Kf3 Kf5 73. Rf8+ Ke5 74. Rxf4 Kd5 75. Re4 Kd6 76. g4 1-0

[Event "GER-chT North U12"]
[Site "Magdeburg"]
[Date "2014.09.11"]
[Round "2.3"]
[White "Hoefs, Cederik"]
[Black "Cinar, Alihan"]
[Result "0-1"]
[WhiteElo "1129"]
[BlackElo "1053"]
[PlyCount "73"]
[EventDate "2014.09.11"]
[EventType "team-swiss"]
[EventRounds "7"]
[EventCountry "GER"]
[SourceTitle "EXT 2016"]
[Source "ChessBase"]
[SourceDate "2015.10.08"]
[SourceVersion "1"]
[SourceVersionDate "2015.10.08"]
[SourceQuality "1"]
[WhiteTeam "Harksheide"]
[BlackTeam "Hamburg Koenigsspringer"]
[WhiteTeamCountry "GER"]
[BlackTeamCountry "GER"]

1. e4 c6 2. d4 d5 3. exd5 cxd5 4. Nf3 Bg4 5. Be3 Bxf3 6. Qxf3 e6 7. Be2 Bd6 8. 0-0 Qc7 9. Nc3 Bxh2+ 10. Kh1 Bd6 11. Nb5 Qb6 12. Nxd6+ Qxd6 13. c4 Ne7 14. c5 Qc7 15. Bf4 Qc6 16. a4 a6 17. b4 Nf5 18. Rfd1 0-0 19. b5 Qc8 20. b6 Nd7 21. Qh3 Nf6 22. f3 Qd7 23. g4 Ne7 24. Rdc1 Ng6 25. Be3 Rfe8 26. g5 e5 27. Qxd7 Nxd7 28. dxe5 Rxe5 29. Ra3 d4 30. Rd3 Rxe3 31. Rxe3 dxe3 32. Rc3 Re8 33. f4 Nxf4 34. Bxa6 e2 35. Rc1 e1Q+ 36. Rxe1 Rxe1+ 37. Kh2 0-1